Desarrollos curriculares para la educación infantil

Gespeichert in:
Bibliographische Detailangaben
Hauptverfasser: Teres Teres, María Dolores (VerfasserIn), García González, Felicidad (VerfasserIn)
Format: Buch
Sprache:Spanisch
Veröffentlicht: Madrid Escuela Española 1992
Schlagworte:
Tags: Tag hinzufügen
Keine Tags, Fügen Sie den ersten Tag hinzu!

MARC

LEADER 00000nam a2200000 a 4500
001 UCQ7303
003 CL-VaPUC
008 981107e19920000SP |||||||||||||||||spa|d
082 0 4 |a 372.19  |b TER  |2 21 
100 0 |a Teres Teres, María Dolores  |e author  |9 421191 
700 |a García González, Felicidad  |e author  |9 489066 
245 1 0 |a Desarrollos curriculares para la educación infantil 
300 |a 298 p 
942 |c BK 
945 |d 19981107 00:00:00  |a aarredon 
260 |a Madrid  |b Escuela Española  |c 1992 
650 0 |a Currículo  |9 307290 
650 7 |a EVALUACION CURRICULAR  |2 CL-VaPUC  |9 308585 
650 7 |a EDUCACION INFANTIL  |2 CL-VaPUC  |9 421193 
650 0 |a Diseño curricular  |9 378490 
650 0 |a Planificación de la educación   |9 307333 
650 0 |a Planificación del currículo  |9 269599 
650 0 |a Objetivos educativos  |9 306344 
583 |a last modification  |c 19981107 00:00:00  |k Rodrigo Vera 
999 |c 277018  |d 277016 
952 |0 0  |1 0  |4 0  |6 372_190000000000000_TER_1992  |7 0  |8 A  |9 314725  |a BIBEDU  |b BIBEDU  |d 2019-11-20  |i 3473252  |o 372.19 TER 1992  |p 3473252  |r 2019-11-20  |w 2019-11-20  |y BK  |k EPE